000
00303nam a2200121Ia 4500
008
170620s9999 xx 000 0 und d
100
_a
MRYERS FREDERIC H
245
0
_a
REVIEW OF MEDICAL PHARMACOLOGY
260
_b
LANGE MEDI PUB
260
_c
1968
300
_a
692
546
_a
English
690
_a
REVIEW OF MEDICAL PHARMACOLOGY
999
_c
31050
_d
31050